Dwayne Johnsons Dschungel- und Wüsten-Eskapaden - Statistiken

Allgemein
  • Dieses Quiz wurde 7 mal gespielt
  • Das Durchschnittsergebnis liegt bei 5 aus 12
Antwortstatistiken
Bildquiz Hint Antwort % Korrekt
2019 Jumanji: The Next Level
83%
2017 Jumanji: Willkommen im Dschungel
83%
2001 Die Mumie kehrt zurück
67%
2022 Black Adam
50%
2021 Jungle Cruise
50%
2012 Die Reise zur geheimnisvollen Insel
33%
2021 Red Notice
33%
2002 The Scorpion King
33%
2026 Vaiana
33%
2009 Die Jagd zum magischen Berg
17%
2013 G.I. Joe – Die Abrechnung
17%
2003 Welcome to the Jungle
0%
Keine übereinstimmenden Quizze gefunden
Verteilung der Resultate
Anzahl Personen mit jedem Resultat
Perzentil nach korrekt beantworteten Fragen
Ihre Resultats-Entwicklung
Sie haben dieses Quiz noch nicht gespielt